Estatuto del centro de estudiantes de la escuela superior "prof. prudencio cornejo"

Guardado en:
Formato: Libro
Publicado: Bahía Blanca : s. e., 2013
Materias:
Etiquetas: Agregar Etiqueta
Sin Etiquetas, Sea el primero en etiquetar este registro!
LEADER 00538nam a22001695a 4500
001 CEM.cems013902
005 20130509113105.0
008 130507s2013##################000#0#####d
003 CEMS
082 0 4 |a F370 
245 0 0 |a Estatuto del centro de estudiantes de la escuela superior "prof. prudencio cornejo" 
260 |a Bahía Blanca :  |b s. e.,  |c 2013 
300 |a 3 p. 
653 |a Centro de estudiantes 
653 |a Bahía blanca 
653 |a Escuela superior de comercio 
859 |a CEMS  |b BIB. CEMS - 11 de abril  |h F370  |i 16-4  |p 2782.44  |t Ej.1  |v 2013  |3 2013